Представление документа в формате RUSMARC

ПолеНазваниеЗначение
  Тип записи a
  Библиографический уровень m
001 Контрольный номер RU/SLIB/B/208704783
005 Дата корректировки 20221219151206.1
010 Индекс ISBN __
d Цена 10-00
101 Язык документа 0_
a Язык текста rus
200 Заглавие и сведения об ответственности 1_
a Заглавие Избранные произведения
e Сведения, относящиеся к заглавию в 2 т.
f Первые сведения об ответственности Андроников И. Л. ; худож. А. Лепятский
b Общее обозначение материала Текст
h Номер части Т. 2
210 Выходные данные 1_
a Место издания М.
c Издательство Худож. лит.
d Дата издания 1975
215 Физическое описание __
a Объем 367 с.
c Иллюстрации/тип воспроизводства ил.
600 Персоналии _1
a Персоналии (Фамилия) Андроников, И. Л.
606 Тематические рубрики __
a Основная рубрика Художественная литература
606 Тематические рубрики __
a Основная рубрика Русская литература XX в. (произведения)
606 Тематические рубрики __
a Основная рубрика Литературоведение
606 Тематические рубрики __
a Основная рубрика Русская литература в целом
606 Тематические рубрики __
a Основная рубрика Изобразительное искусство и архитектура
606 Тематические рубрики __
a Основная рубрика Музыка и зрелищные искусства
610 Ключевые слова 0_
a Ключевые слова русская литература; прозаики; персоналии; тема искусства; тема творчества; история искусства; литературная критика
686 Индексы других классификаций __
2 Код системы rubbks
a Классификационный индекс 84(2Рос=Рус)6-4
a Классификационный индекс 83.3(2)
a Классификационный индекс 85
700 Автор _1
a Фамилия Андроников
b Имя И. Л.
4 Код отношения 070
702 Вторичная интеллектуальная ответственность _1
a Фамилия Лепятский
b Имя А.
4 Код отношения Художник
801 Источник записи _0
a Страна RU
b Организация Муниципальное бюджетное учреждение культуры "Централизованная библиотечная система" г. Сургут (Центральная городская библиотека им. А. С. Пушкина)
g Правила каталогизации ОБ/Смолякова
801 Источник записи _1
a Страна RU
b Организация Муниципальное бюджетное учреждение культуры "Централизованная библиотечная система" г. Сургут (Центральная городская библиотека им. А. С. Пушкина)
g Правила каталогизации ОБ/Смолякова
852 Данные о местонахождении __
j Шифр хранения 84(2Рос=Рус)6-4
c Каталожный индекс 84(2Рос=Рус)6-4; 83.3(2); 85
i Авторский знак А 66
p Инвентарный номер 66757
901 Тип документа __
t Тип документа m
903 Характеристики (МАРС) __
a Дата передачи 19980316
990 Данные о заказе (DOS) 00
j Количество экземпляров (DOS) 1
t N записи в КСУ для И/У (DOS) 199801